El anarquismo ibérico en el Congreso Anarquista Internacional de 1958. (Record no. 16885)

MARC details
000 -LEADER
campo de control de longitud fija 00812nam a2200241 i 4500
001 - NÚMERO DE CONTROL
campo de control 16885
003 - IDENTIFICADOR DE NÚMERO DE CONTROL
campo de control ES-MaACL
005 - FECHA Y HORA DE LA ÚLTIMA TRANSACCIÓN
campo de control 20250516063028.0
007 - CAMPO FIJO DE DESCRIPCIÓN FÍSICA--INFORMACIÓN GENERAL
campo de control de longitud fija t|
008 - DATOS DE LONGITUD FIJA--INFORMACIÓN GENERAL
campo de control de longitud fija 001120q1958 sp ||||1| spa d
040 ## - FUENTE DE CATALOGACIÓN
Centro/agencia transcriptor ES-MaACL
080 ## - NÚMERO DE LA CLASIFICACIÓN DECIMAL UNIVERSAL
Número de la Clasificación Decimal Universal 330.862(460):061.3(100)"1958"
245 03 - MENCIÓN DEL TÍTULO
Título El anarquismo ibérico en el Congreso Anarquista Internacional de 1958.
260 ## - PUBLICACIÓN, DISTRIBUCIÓN, ETC.
Lugar de publicación, distribución, etc. [S.l. :
Nombre del editor, distribuidor, etc. s.n.,
Fecha de publicación, distribución, etc. 1958?]
300 ## - DESCRIPCIÓN FÍSICA
Extensión 59 p. ;
Dimensiones 21 cm.
650 #4 - PUNTO DE ACCESO ADICIONAL DE MATERIA--TÉRMINO DE MATERIA
Término de materia o nombre geográfico como elemento de entrada Anarquismo-
Subdivisión geográfica España-
Subdivisión de forma Congresos y asambleas
9 (RLIN) 9794
711 0# - ENTRADA AGREGADA--NOMBRE DE REUNIÓN
Nombre de congreso/reunión o jurisdicción como elemento de entrada Congreso Anarquista Internacional,
Fecha del congreso o de la firma del tratado 1958.
Sede del congreso/Lugar de la reunión Londres.
9 (RLIN) 281
852 ## - LOCALIZACIÓN
Ubicación ES-MaACL
Número de control de estantería 2157-F-9
Ubicación en estantería Depósito folletos
856 ## - LOCALIZACIÓN Y ACCESO ELECTRÓNICOS
Identificador Uniforme de Recursos <a href="https://library.ucsd.edu/dc/object/bb62928115/_1.pdf">https://library.ucsd.edu/dc/object/bb62928115/_1.pdf</a>
Texto de enlace Versión digital en línea
942 ## - ELEMENTOS DE ENTRADA SECUNDARIOS (KOHA)
Tipo de ítem Koha Folleto
Suprimir en OPAC No
Holdings
Estatus retirado Estado de pérdida Estado de daño No para préstamo Colección Biblioteca de origen Biblioteca actual Ubicación en estantería Fecha de adquisición Fuente de adquisición Total de préstamos Signatura topográfica completa Código de barras Visto por última vez Precio de reemplazo Tipo de ítem Koha
        Colección de folletos Biblioteca del Ateneo de Madrid Biblioteca del Ateneo de Madrid Depósito folletos 17/01/2008     2157-F-9 1017150 23/02/2023 23/02/2023 Folleto